[Event "Hillerod-ch C"]
[Site "Hillerod"]
[Date "2004.05.25"]
[Round "5"]
[White "Dahl, Sven"]
[Black "Petersen, Jan"]
[Result "1-0"]
[WhiteElo "1519"]
[BlackElo "1511"]
[PlyCount "59"]
[EventDate "2004.04.27"]
[EventType "tourn"]
[EventRounds "7"]
[EventCountry "DEN"]
[SourceTitle "EXT 2023"]
[Source "ChessBase"]
[SourceDate "2022.10.05"]
[SourceVersion "1"]
[SourceVersionDate "2022.10.05"]
[SourceQuality "1"]

1. f4 d5 2. Nf3 e6 3. e3 c5 4. b3 Nf6 5. Bb2 g6 6. Be2 Nc6 7. 0-0 Bg7 8. Qe1 0-0 9. Bd1 Ne4 10. Bxg7 Kxg7 11. d3 Nf6 12. Nbd2 b6 13. Ne5 Bb7 14. Rf3 Nd7 15. Nxd7 Qxd7 16. Rh3 Qe7 17. a3 Rae8 18. Qg3 Qf6 19. Rb1 e5 20. f5 Qxf5 21. Rh5 Qf6 22. Rh4 Bc8 23. Nf3 Ne7 24. Ng5 h6 25. Rxh6 Rh8 26. Rxh8 Rxh8 27. e4 d4 28. Be2 Nc6 29. Rf1 Qd8 30. Nxf7 1-0

[Event "Hillerod-ch C"]
[Site "Hillerod"]
[Date "2004.05.04"]
[Round "2"]
[White "Jensen, Johannes"]
[Black "Dahl, Sven"]
[Result "0-1"]
[WhiteElo "1399"]
[BlackElo "1519"]
[PlyCount "96"]
[EventDate "2004.04.27"]
[EventType "tourn"]
[EventRounds "7"]
[EventCountry "DEN"]
[SourceTitle "EXT 2023"]
[Source "ChessBase"]
[SourceDate "2022.10.05"]
[SourceVersion "1"]
[SourceVersionDate "2022.10.05"]
[SourceQuality "1"]

1. e4 c5 2. Nf3 d6 3. b3 a6 4. c4 Nc6 5. Bb2 e6 6. Be2 Nf6 7. d3 Be7 8. 0-0 Qc7 9. Nc3 0-0 10. Rb1 b6 11. Re1 Bb7 12. h3 Rad8 13. Nh2 Rd7 14. Bf3 Rfd8 15. Ng4 h6 16. Ne2 e5 17. Nxf6+ Bxf6 18. Nc3 Nd4 19. Bg4 Re7 20. Ne2 g6 21. Ng3 Bc8 22. Bf3 Bg7 23. Bxd4 exd4 24. Qd2 Kh7 25. Bd1 Rde8 26. f4 Bf6 27. Bf3 Bh4 28. Kh2 Rg8 29. Rf1 Bf6 30. Kh1 Bd7 31. Rbe1 Bh4 32. Kh2 g5 33. Re2 gxf4 34. Nh5 Bg5 35. Nxf4 d5 36. g3 Qc8 37. g4 Qc7 38. Bg2 Rge8 39. Kh1 Qd6 40. Ref2 dxe4 41. Bxe4+ Rxe4 42. dxe4 Rxe4 43. Qd3 Bc6 44. Nh5 Kh8 45. Kg1 Be3 46. Re1 Bxf2+ 47. Kxf2 Qh2+ 48. Kf1 Qh1+ 0-1